Shan-e-Mohammad S.A.W (Record no. 63271)
[ view plain ]
| 000 -LEADER | |
|---|---|
| fixed length control field | 00460nam a22001697a 4500 |
| 003 - CONTROL NUMBER IDENTIFIER | |
| control field | NUST - PNEC |
| 005 - DATE AND TIME OF LATEST TRANSACTION | |
| control field | 20170116180808.0 |
| 008 - FIXED-LENGTH DATA ELEMENTS--GENERAL INFORMATION | |
| fixed length control field | 150423b xxu||||| |||| 00| 0 eng d |
| 040 ## - CATALOGING SOURCE | |
| Transcribing agency | LIBRARY |
| 082 ## - DEWEY DECIMAL CLASSIFICATION NUMBER | |
| Classification number | 297.63 ABI |
| 100 ## - MAIN ENTRY--PERSONAL NAME | |
| 9 (RLIN) | 3147 |
| Personal name | Abid, Ahmed |
| 245 ## - TITLE STATEMENT | |
| Title | Shan-e-Mohammad S.A.W |
| Statement of responsibility, etc. | Mian Abid Ahmed |
| 260 ## - PUBLICATION, DISTRIBUTION, ETC. | |
| Place of publication, distribution, etc. | Bahawalpur: |
| Name of publisher, distributor, etc. | Idara Adab o Saqafat, |
| 300 ## - PHYSICAL DESCRIPTION | |
| Extent | 565 p. : |
| Dimensions | 22 cm. |
| 650 ## - SUBJECT ADDED ENTRY--TOPICAL TERM | |
| 9 (RLIN) | 3149 |
| Topical term or geographic name entry element | Islam, Prophet (PBUH) |
| General subdivision | General |
| 942 ## - ADDED ENTRY ELEMENTS (KOHA) | |
| Source of classification or shelving scheme | |
| Koha item type | Book |
| Withdrawn status | Lost status | Source of classification or shelving scheme | Damaged status | Not for loan | Permanent Location | Current Location | Shelving location | Date acquired | Source of acquisition | Cost, normal purchase price | Total Checkouts | Full call number | Barcode | Date last seen | Cost, replacement price | Price effective from | Koha item type |
|---|---|---|---|---|---|---|---|---|---|---|---|---|---|---|---|---|---|
| Pakistan Navy Engineering College (PNEC) | Pakistan Navy Engineering College (PNEC) | 12/29/1992 | Royal book co./ Library/ Refrence Grant | 100.00 | 297.63 ABI | PNECLIB-016970 | 04/23/2015 | 100.00 | 12/29/1992 | Book |
